Politician by State - Statistics

General Stats
  • This quiz has been taken 31 times
  • The average score is 28 of 50
Answer Stats
Politician State % Correct
Bill Clinton Arkansas
95%
Marco Rubio Florida
95%
Jimmy Carter Georgia
95%
Abraham Lincoln Illinois
95%
John McCain Arizona
90%
George Wallace Alabama
85%
Joe Biden Delaware
85%
Bernie Sanders Vermont
85%
Sam Houston Texas
80%
Paul Ryan Wisconsin
80%
James Monroe Virginia
75%
Dwight Eisenhower Kansas
70%
Gerald Ford Michigan
70%
Lisa Murkowski Alaska
65%
Jefferson Davis Mississippi
65%
Harry S. Truman Missouri
65%
Rutherford B. Hayes Ohio
65%
John C. Calhoun South Carolina
65%
Tulsi Gabbard Hawaii
60%
Bobby Jindal Louisiana
60%
Jesse Ventura Minnesota
60%
Franklin Pierce New Hampshire
60%
Woodrow Wilson New Jersey
60%
Gary Johnson New Mexico
60%
Aaron Burr New York
60%
James K. Polk Tennessee
60%
Orrin Hatch Utah
60%
Chuck Grassley Iowa
50%
Ben Sasse Nebraska
50%
Harry Reid Nevada
50%
Herbert Hoover California
45%
Cory Gardner Colorado
45%
Heidi Heitkamp North Dakota
45%
William Henry Harrison Indiana
40%
Henry Clay Kentucky
40%
Spiro Agnew Maryland
40%
Daniel Webster Massachusetts
40%
Scott Pruitt Oklahoma
40%
Warren Magnuson Washington
40%
Jay Rockefeller West Virginia
40%
Mike Enzi Wyoming
40%
Larry Craig Idaho
35%
Pat McCrory North Carolina
35%
Dennis Daugaard South Dakota
35%
Roger Sherman Connecticut
30%
Margaret Chase Smith Maine
30%
Jeanette Rankin Montana
30%
Charles McNary Oregon
25%
Gifford Pinchot Pennsylvania
25%
Ambrose Burnside Rhode Island
20%
No matching quizzes found
Score Distribution
Percent of People with Each Score
Percentile by Number Answered
Your Score History
You have not taken this quiz